[Event "Romanian-ch Open 2022"]
[Site "Eforie Nord"]
[Date "2022.02.23"]
[Round "5.30"]
[White "Capragiu, Matei-Stefan"]
[Black "Craciun, Dorian-Raul"]
[Result "1-0"]
[WhiteElo "1902"]
[BlackElo "1385"]
[Annotator "TA"]
[PlyCount "49"]
[EventDate "2022.02.20"]
[EventType "swiss"]
[EventCountry "ROU"]
[SourceTitle "playchess.com"]
[Source "ChessBase"]
[SourceQuality "1"]

{[%evp 12,49,21,18,60,20,25,-8,10,5,78,97,87,72,120,109,118,91,91,91,97,92,652,645,647,629,682,590,1399,652,647,635,1045,1043,1024,1025,1203,922,1378,1280]} 1. d4 d5 2. c4 dxc4 3. Nc3 Nf6 4. e3 a6 5. a4 e6 6. Bxc4 c5 7. Nf3 b6 {D26: Queen's Gambit Accepted: 4 e3 e6 5 Bxc5 c5 sidelines.} (7... Nc6 $11 {might be stronger.}) 8. O-O Bb7 {Prevents d5.} 9. Re1 (9. e4 $5 {[%cal Rd4d5]}) 9... Be7 {The position is equal.} 10. e4 O-O (10... cxd4 $11 11. Nxd4 (11. Qxd4 O-O $11) 11... Qc8) 11. d5 $16 exd5 12. exd5 {[#]} Bd6 $146 ({Black should try} 12... h6) ({Predecessor:} 12... Qc7 13. Bg5 h6 14. Bh4 Rd8 15. Qe2 Rd7 16. Ne5 Rd8 17. Nxf7 Kf8 18. Nxd8 Qxd8 19. d6 Bxd6 20. Bxf6 gxf6 21. Qe6 {1-0 (21) Knopf,R (1932)-Hindenes,A Prague 2006}) 13. Bg5 {Black must now prevent Ne4.} h6 14. Bxf6 Qxf6 15. Ne4 Qd8 16. Qd3 {White is more active.} ({Don't play} 16. Nxd6 Qxd6 17. Qe2 Rd8 $14) 16... f5 $2 {[%mdl 8192] This move loses the game for Black.} (16... Bc8 $16) 17. Nxd6 $18 {White is clearly winning.} Qxd6 18. Re6 Qd8 19. d6 {[#] Rxh6+ would kill now.} b5 20. Re8+ (20. Rxh6+ $142 bxc4 21. Qxc4+ Rf7 {[#]} 22. Ne5 $1 {[%mdl 512]}) 20... bxc4 21. Qxc4+ Kh8 22. Rxd8 Rxd8 23. Ne5 {aiming for Nf7+.} Kh7 24. Qxc5 {Nf7 is the strong threat.} Nd7 25. Nxd7 {Weighted Error Value: White=0.56/Black=0.93} 1-0

[Event "Romanian-ch Open 2022"]
[Site "Eforie Nord"]
[Date "2022.02.24"]
[Round "6.1"]
[White "Parligras, Mircea-Emilian"]
[Black "Manolache, Marius"]
[Result "1-0"]
[WhiteElo "2575"]
[BlackElo "2485"]
[Annotator "TA"]
[PlyCount "137"]
[EventDate "2022.02.20"]
[EventType "swiss"]
[EventCountry "ROU"]
[SourceTitle "playchess.com"]
[Source "ChessBase"]
[SourceQuality "1"]

{[%evp 18,137,57,59,59,57,66,58,67,49,92,87,99,82,102,96,85,56,52,48,82,91,96,63,75,28,29,3,39,22,35,30,44,29,88,-5,-10,-16,-41,-39,0,0,0,0,0,0,99,100,107,15,16,21,16,16,24,16,59,57,58,39,39,43,48,8,8,8,29,23,23,23,27,22,25,23,30,30,63,12,47,23,37,8,61,22,22,25,49,43,63,58,288,168,237,273,2777,4033,968,84,29974,29976,29976,29977,29983,29984,29985,29986,29986,29985,29985,29986,29986,29987,29987,29988,29989,29989,29989,29989,29989,29990,29990,29991]} 1. d4 Nf6 2. c4 d6 3. Nc3 e5 4. Nf3 Nbd7 5. e4 g6 6. Be2 Bg7 7. O-O O-O 8. Be3 exd4 9. Nxd4 Re8 10. f3 Nc5 {E94: King's Indian: Classical: 6 Be2 e5 7 0-0: Various Black 7th moves.} 11. Qd2 a5 12. Rad1 Bd7 {White is slightly better.} 13. Rfe1 {[#]} Re5 $146 (13... Na4 $14) ({Predecessor:} 13... Qe7 14. Bf1 h5 15. Ndb5 Bc6 16. Bf2 b6 17. Nd5 Bxd5 18. cxd5 Nh7 19. Nd4 Qf6 {1-0 (47) Lysyj,I (2594)-Khoroshev,N (2366) Chess.com INT 2020}) 14. Bf1 Qf8 15. Bf4 Ree8 16. Ndb5 Bxb5 17. Nxb5 Ne6 18. Be3 b6 19. b3 Re7 20. a3 Nd7 21. Nc3 (21. g3 $16) 21... Ree8 22. Nd5 Ndc5 (22... c6 $5 {[%cal Rc6d5]}) 23. Qc2 Ra7 24. Kh1 c6 25. Nc3 (25. Nxb6 Rb7 26. b4 axb4 27. axb4 Rxb6 $11) 25... Be5 (25... f5 $11 {keeps the balance.}) 26. b4 (26. g3 $16) 26... axb4 $11 27. axb4 {[#]} Ra3 $1 28. Bd2 (28. Nb1 $2 Rxe3 $1 {[%mdl 512]} 29. Rxe3 Qh6 $1 $19) 28... Nd4 29. Qc1 Ncb3 30. Qxa3 Nxd2 {Pair of Knights!} 31. Ne2 $1 {Black must now prevent Nxd4.} (31. Rxd2 $2 Qh6 32. g3 (32. f4 $2 Bxf4 33. h3 Bxd2 $19) 32... Qxd2 $17) 31... Nxc4 32. Qc1 $16 Nxe2 33. Bxe2 (33. Rxe2 $16 b5 34. Rf2) 33... Nb2 $11 34. f4 Nxd1 35. Rxd1 Bg7 36. Qxc6 Qe7 (36... Re6 $11) 37. Bb5 $14 (37. Rxd6 Qxe4 38. Bf1 (38. Qxe4 Rxe4 39. Rd2 Rxf4 $17) 38... Bf8 39. Qxe4 Rxe4 40. Rxb6 Rxf4 $15) 37... Rf8 38. Rxd6 ({Much weaker is} 38. Qxb6 Qxe4 39. Qxd6 Bc3 $11) (38. g3 {is more complex.} g5 39. fxg5 Qxg5 40. Rxd6 Be5 41. Rd5) 38... Rd8 39. Rxd8+ Qxd8 40. g3 Bf8 41. Bc4 Qd1+ 42. Kg2 Qd2+ 43. Kh3 {Threatening mate with Qe8.} Qxb4 44. Qd5 Qe7 45. e5 Qe8 46. Kg2 b5 47. Bb3 ({Better is} 47. Bxb5 $14 Qe6 48. Qxe6 fxe6 49. Bc4) 47... Bg7 48. Kf3 Bf8 49. Ke4 Qe7 (49... Be7 $11) 50. Kd3 Qe8 51. g4 Bg7 {[%cal Og6g5]} 52. Kd4 Bf8 53. f5 gxf5 {Black is on the road to losing.} ({Black should try} 53... Ba3 $14) 54. gxf5 $18 Qe7 {[#]} (54... Kh8 $142 55. Qxf7 Qd8+ 56. Kc3 Bh6) 55. f6 $1 ({Inferior is} 55. Qxb5 Qg5 $11) ({Don't do} 55. Kd3 Bg7) 55... Qc7 (55... Qe8 56. h4 Bh6) 56. Ke4 Bh6 57. Kd3 $2 (57. h4 $18 {and White stays clearly on top. Strongly threatening Qa8+.} Qc8 58. Qxf7+ Kh8 59. Qe6) 57... Bf8 $2 {[%mdl 8192]} (57... Qa7 $16 58. Qd8+ Bf8) 58. e6 {[%cal Be5e6,Be6e7][%mdl 32] White mates.} Kh8 {[#]} 59. Qd7 $1 Qf4 60. e7 {[%cal Re7f8] Active counter play!} Qf1+ 61. Kc2 {[%cal Re7f8]} Qe2+ 62. Qd2 {[%cal Re7f8]} Qe4+ 63. Qd3 {[%cal Re7f8]} Qg2+ 64. Kb1 Bxe7 65. fxe7 Qg1+ 66. Bd1 Qe1 67. Qd4+ Kg8 68. Qd8+ Kg7 69. e8=N+ {Weighted Error Value: White=0.30/Black=0.39} 1-0

[Event "Romanian-ch Open 2022"]
[Site "Eforie Nord"]
[Date "2022.02.24"]
[Round "6.2"]
[White "Lupulescu, Constantin"]
[Black "Nanu, Costica-Ciprian"]
[Result "1-0"]
[WhiteElo "2620"]
[BlackElo "2513"]
[Annotator "TA"]
[PlyCount "49"]
[EventDate "2022.02.20"]
[EventType "swiss"]
[EventCountry "ROU"]
[SourceTitle "playchess.com"]
[Source "ChessBase"]
[SourceQuality "1"]

{[%evp 16,49,17,15,41,36,47,41,43,28,31,8,26,29,37,2,33,26,34,28,32,44,32,7,14,12,15,13,14,15,15,0,471,465,29967,29958]} 1. e4 c5 2. Nf3 Nc6 3. Bb5 g6 4. Bxc6 dxc6 5. d3 Bg7 6. h3 Nf6 7. Nc3 O-O {7...0-0 has lost popularity.} 8. Be3 b6 9. Qd2 a5 {[%cal Oe7e5] B31: Sicilian: 2...Nc6 3 Bb5 g6.} 10. Bh6 Re8 11. e5 Nd5 {White is slightly better.} 12. Bxg7 (12. Ne4 {looks sharper.} Bh8 13. O-O-O Nc7 14. Rde1 Ne6 15. h4) 12... Kxg7 {[#]} 13. O-O $146 ({Predecessor:} 13. Ne4 f5 14. Ng3 e6 15. O-O Ra7 16. Rad1 Rd7 17. Qc1 Ba6 18. Rfe1 Qe7 19. a3 {1-0 (41) Jouhki,Y (2230)-Salmi,P Tampere 1994}) 13... Nc7 14. Rae1 {[%cal Ba1e1,Be1e4,Be4f4,Bf4f3,Bf3g3][%mdl 32]} h6 15. Nh2 Be6 16. Ng4 Bxg4 17. hxg4 Qd7 18. Re4 Rh8 19. f4 {With the idea Na4.} Qxg4 20. f5 Qg5 21. Ref4 $36 {[%mdl 2048] Hoping for Ne4. White has some pressure.} gxf5 {aiming for ...Ne6.} 22. Qf2 $1 e6 {[#] Strongly threatening ...Nd5.} 23. Ne4 $1 Qg6 {[%mdl 8192] [#]} (23... Qe7 $1 $11) (23... Qd8 24. g4) 24. Rf3 $1 $18 fxe4 {[#]} (24... Raf8 $18 25. Rg3 Nd5 26. Rxg6+ fxg6) 25. Rg3 $1 {Weighted Error Value: White=0.07 (flawless) /Black=0.87} ({Weaker is} 25. Rxf7+ Kg8 $16) 1-0

[Event "Romanian-ch Open 2022"]
[Site "Eforie Nord"]
[Date "2022.02.24"]
[Round "6.3"]
[White "Szabo, Gergely-Andras-Gyula"]
[Black "Georgescu, Tiberiu-Marian"]
[Result "1/2-1/2"]
[WhiteElo "2524"]
[BlackElo "2467"]
[Annotator "TA"]
[PlyCount "32"]
[EventDate "2022.02.20"]
[EventType "swiss"]
[EventCountry "ROU"]
[SourceTitle "playchess.com"]
[Source "ChessBase"]
[SourceQuality "1"]

{[%evp 13,32,16,22,16,32,21,35,27,40,32,33,14,22,20,10,10,22,2,22,-12,42]} 1. d4 d5 2. c4 e6 3. Nc3 Nf6 4. cxd5 exd5 5. Bg5 Be7 6. e3 c6 7. Bd3 Nbd7 {The main line 7...Nbd7 scores better than 7...0-0.} 8. h3 {D35: Queen's Gambit Declined: Exchange Variation.} Nb6 9. Bf4 Bd6 10. Nge2 {White is slightly better.} Nh5 11. Bxd6 Qxd6 12. Qc2 {[#]} g6 $146 {The position is equal.} ({Predecessor:} 12... Bd7 13. O-O Nf6 14. Rae1 O-O 15. a4 Rae8 16. a5 Na8 17. Na4 b6 18. Ra1 g6 {½-½ (41) Georgescu,T (2460)-Cosma,E (2345) Cap Aurora 2016}) 13. O-O-O Ng7 14. g4 Bd7 15. Kb1 h5 16. f3 Qe7 {Weighted Error Value: White=0.10 (very precise) /Black=0.06 (flawless)} ({Better is} 16... O-O-O $11) 1/2-1/2

[Event "Romanian-ch Open 2022"]
[Site "Eforie Nord"]
[Date "2022.02.24"]
[Round "6.4"]
[White "Filip, Lucian-Ioan"]
[Black "Gavrilescu, David"]
[Result "1/2-1/2"]
[WhiteElo "2391"]
[BlackElo "2512"]
[Annotator "TA"]
[PlyCount "114"]
[EventDate "2022.02.20"]
[EventType "swiss"]
[EventCountry "ROU"]
[SourceTitle "playchess.com"]
[Source "ChessBase"]
[SourceQuality "1"]

{[%evp 9,114,39,43,41,33,33,43,44,26,20,26,8,54,16,12,16,70,65,64,68,68,48,69,57,77,80,237,234,254,254,230,237,216,219,258,223,292,104,110,0,0,0,0,0,2,0,0,0,0,0,0,-4,-4,-6,-6,-5,-2,-5,0,-8,-8,-8,-8,-8,-8,-8,-8,-10,0,-5,0,0,0,0,0,0,0,0,0,0,0,0,0,0,0,0,0,0,0,0,0,0,0,0,0,0,0,0,0,0,0,0,0,0,0,-8,-8]} 1. Nf3 d5 2. d4 e6 3. c4 a6 4. Bg5 f6 5. Bd2 dxc4 6. e3 {D30: Queen's Gambit Declined: Systems without Nc3.} b5 7. a4 {Hoping for axb5.} Bb7 8. axb5 {White is slightly better.} axb5 9. Rxa8 Bxa8 10. b3 c5 $1 {[#]} 11. dxc5 $146 (11. bxc4 b4 $11) (11. Be2 {feels hotter.} Bc6 12. bxc4 b4 13. O-O Nh6 14. Qc2) ({Predecessor:} 11. bxc4 b4 12. dxc5 Bxc5 13. Nd4 Bxd4 14. exd4 Qxd4 15. Bxb4 Qe4+ 16. Be2 Qxg2 17. Rf1 {0-1 (32) Barp,A (2369)-Savchenko,B (2573) Chess.com INT 2020}) 11... Bxc5 12. Nc3 {[%cal Bb1c3,Bc3e4,Be4d6][%mdl 32]} (12. bxc4 b4 $15) 12... Bd5 ({Much less strong is} 12... b4 13. Na4 $16) (12... Qa5 $11) 13. bxc4 $14 Bxc4 14. Bxc4 bxc4 15. Qa4+ Nd7 16. Ne4 {[%mdl 1024] White has compensation.} Kf7 $1 17. Ba5 $36 {[%mdl 2048] To avoid Qc7. White is really pushing. White is much more active. Black has bad knights.} Bb6 (17... Qc8 $16) 18. Nd6+ $1 $18 Kf8 19. Bb4 ({Not} 19. Nxc4 Bxa5+ 20. Nxa5 (20. Qxa5 Qxa5+ 21. Nxa5 Ne7 $11) 20... Kf7 $14) 19... Ne7 {[%cal Bg8e7,Be7d5,Bd5c7,Bc7a6,Ba6b4][%mdl 32]} 20. Nxc4 {And now 0-0 would win.} Bc5 21. O-O {Threatens to win with Rd1.} Kf7 22. Rd1 Nd5 {[#]} 23. Bxc5 (23. e4 $1 $18 {is more deadly.} N7b6 24. Nxb6 Nxb6 25. Rxd8 Nxa4 26. Rxh8 Bxb4 27. Rxh7) 23... Nxc5 $16 {[#]} 24. Qa7+ ({White should play} 24. Nfe5+ $1 $16 {[%mdl 512]} fxe5 25. Nxe5+ Kf6 26. Qd4) 24... Qc7 $11 {The position is equal.} 25. Qxc7+ Nxc7 26. Rc1 {[%cal Oc4e5]} Rd8 27. g3 {[%cal Oc4e5]} N7a6 28. Kf1 e5 29. Ke2 Ke6 30. Rd1 Rxd1 31. Kxd1 {[%mdl 4096] Endgame KNN-KNN} Ne4 32. Ke2 Nb4 33. Ne1 Kd5 34. Nb2 Nc3+ 35. Kd2 Nb1+ 36. Kc1 Na3 37. Kd2 e4 38. f3 exf3 39. Nxf3 Ke4 40. Ke2 Nb1 41. Nd1 Kd5 42. Nd2 Nxd2 43. Kxd2 {KN-KN} Nc6 44. Nc3+ Ke5 45. Ke2 h5 46. Nd1 Kf5 47. Nf2 Kg5 48. h4+ Kf5 49. e4+ Ke5 50. Ke3 g5 51. Nh3 gxh4 52. gxh4 Nd4 53. Nf4 {Threatening mate with Ng6+.} Nc2+ 54. Kf3 Ne1+ 55. Kg3 Kxe4 56. Nxh5 Kf5 57. Nxf6 Kxf6 {Black defended with fortune.  Weighted Error Value: White=0.07 (flawless) /Black=0.09 (flawless)} 1/2-1/2

[Event "Romanian-ch Open 2022"]
[Site "Eforie Nord"]
[Date "2022.02.24"]
[Round "6.5"]
[White "Secheres, Adrian-Simion"]
[Black "Miron, Lucian-Costin"]
[Result "1/2-1/2"]
[WhiteElo "2363"]
[BlackElo "2511"]
[Annotator "TA"]
[PlyCount "47"]
[EventDate "2022.02.20"]
[EventType "swiss"]
[EventCountry "ROU"]
[SourceTitle "playchess.com"]
[Source "ChessBase"]
[SourceQuality "1"]

{[%evp 23,34,0,0,0,0,0,0,0,0,0,0,0,0]} 1. d4 d5 2. c4 c6 3. Nc3 Nf6 4. e3 e6 5. Nf3 Nbd7 6. Qc2 Bd6 7. b3 O-O 8. Be2 b6 9. O-O Bb7 10. Bb2 Qe7 11. Rad1 Rad8 12. Rfe1 Rfe8 {The position is equal.} 13. Bf1 {D45: Semi-Slav: 5 e3.} e5 14. dxe5 Nxe5 15. Nxe5 {15.Nd4 is more advanced technology.} Bxe5 16. h3 dxc4 17. Bxc4 c5 {[#] An interesting draw.  Weighted Error Value: White=0.00 (flawless) /Black=0.00 (flawless)} {Predecessor:} 18. Rxd8 $146 Rxd8 19. Rd1 Rxd1+ 20. Qxd1 Ne8 21. Qd2 Nd6 22. Bd5 Bc8 23. f4 Bf6 24. e4 {0-1 (43) Bohus,A (2200)-Kozak,A (2364) Poprad 2016} 1/2-1/2

[Event "Romanian-ch Open 2022"]
[Site "Eforie Nord"]
[Date "2022.02.24"]
[Round "6.7"]
[White "Toma, Radu-Cristian"]
[Black "Ghimpu, Samuel-Timotei"]
[Result "1-0"]
[WhiteElo "2388"]
[BlackElo "2420"]
[Annotator "RC"]
[PlyCount "185"]
[EventDate "2022.02.20"]
[EventType "swiss"]
[EventCountry "ROU"]
[SourceTitle "playchess.com"]
[Source "ChessBase"]
[SourceQuality "1"]
[TimeControl "40/5400+30:900+30"]

1. Nf3 {[%emt 0:00:03]} d5 {[%emt 0:01:00]} 2. e3 {[%emt 0:00:50]} Nf6 {[%emt 0:02:23]} 3. b3 {[%emt 0:02:27]} Bf5 {[%emt 0:02:39]} 4. Be2 {[%emt 0:07:09]} h6 {[%emt 0:01:14]} 5. Ba3 {[%emt 0:02:02]} Nbd7 {[%emt 0:14:28]} 6. O-O {[%emt 0:03:07]} c5 {[%emt 0:06:57]} 7. c4 {[%emt 0:05:20]} dxc4 {[%emt 0:00:43]} 8. bxc4 {[%emt 0:04:45]} e6 {[%emt 0:02:40]} 9. Qb3 {[%emt 0:10:18]} Qc7 {[%emt 0:04:50]} 10. d3 {[%emt 0:02:55]} Be7 {[%emt 0:01:45]} 11. Nc3 {[%emt 0:02:32]} O-O {[%emt 0:00:16]} 12. Rab1 {[%emt 0:00:21]} b6 {[%emt 0:02:29]} 13. Nb5 {[%emt 0:00:46]} Qc8 {[%emt 0:00:33]} 14. h3 {[%emt 0:01:26]} a6 {[%emt 0:01:10]} 15. Nc3 {[%emt 0:00:15]} b5 {[%emt 0:00:24]} 16. e4 {[%emt 0:08:51]} Bg6 {[%emt 0:01:33]} 17. cxb5 {[%emt 0:04:34]} axb5 {[%emt 0:34:17]} 18. Nxb5 {[%emt 0:00:07]} Qa6 {[%emt 0:00:37]} 19. Bc1 {[%emt 0:02:54]} Qxa2 {[%emt 0:04:16]} 20. Qxa2 {[%emt 0:00:42]} Rxa2 {[%emt 0:00:01]} 21. Nc3 {[%emt 0:00:57]} Raa8 {[%emt 0:02:11]} 22. Rb7 {[%emt 0:06:42]} Rfb8 {[%emt 0:01:07]} 23. Rxb8+ {[%emt 0:00:08]} Rxb8 {[%emt 0:00:01]} 24. Bf4 {[%emt 0:07:50]} Rb2 {[%emt 0:01:18]} 25. Nd2 {[%emt 0:01:52]} Nh5 {[%emt 0:05:35]} 26. Bxh5 {[%emt 0:04:37]} Bxh5 {[%emt 0:00:23]} 27. Rc1 {[%emt 0:01:25]} Bf6 {[%emt 0:02:25]} 28. Na4 {[%emt 0:01:53]} Ra2 {[%emt 0:00:14]} 29. Nxc5 {[%emt 0:00:51]} Nxc5 {[%emt 0:02:31]} 30. Rxc5 {[%emt 0:00:12]} e5 {[%emt 0:02:35]} 31. Bxe5 {[%emt 0:03:30]} Bxe5 {[%emt 0:00:04]} 32. Rxe5 {[%emt 0:00:04]} Rxd2 {[%emt 0:00:04]} 33. Rxh5 {[%emt 0:00:10]} Rxd3 {[%emt 0:00:01]} 34. Kh2 {[%emt 0:01:43]} Kf8 {[%emt 0:01:23]} 35. Ra5 {[%emt 0:03:42]} g5 {[%emt 0:01:23]} 36. h4 {[%emt 0:03:09]} Rd4 {[%emt 0:01:30]} 37. f3 {[%emt 0:05:32]} gxh4 {[%emt 0:00:21]} 38. Kh3 {[%emt 0:00:13]} Rd2 {[%emt 0:00:03]} 39. Rh5 {[%emt 0:00:19]} Kg7 {[%emt 0:00:03]} 40. Rxh4 {[%emt 0:00:00]} Rd1 {[%emt 0:00:00]} 41. Kg3 {[%emt 0:01:53]} Kg6 {[%emt 0:03:42]} 42. Rg4+ {[%emt 0:00:25]} Kf6 {[%emt 0:00:06]} 43. Kf4 {[%emt 0:01:32]} Rh1 {[%emt 0:01:09]} 44. Rg8 {[%emt 0:00:51]} Rh4+ {[%emt 0:00:13]} 45. Kg3 {[%emt 0:00:54]} Rh1 {[%emt 0:00:07]} 46. Kg4 {[%emt 0:00:18]} Rh2 {[%emt 0:00:57]} 47. g3 {[%emt 0:00:27]} Rh1 {[%emt 0:00:13]} 48. Kf4 {[%emt 0:00:23]} Re1 {[%emt 0:01:16]} 49. Kg4 {[%emt 0:03:03]} Re2 {[%emt 0:01:56]} 50. Rb8 {[%emt 0:00:32]} Re3 {[%emt 0:02:57]} 51. Kf4 {[%emt 0:00:38]} Ra3 {[%emt 0:00:20]} 52. Rg8 {[%emt 0:00:33]} Ra5 {[%emt 0:06:45]} 53. Rd8 {[%emt 0:01:09]} Kg7 {[%emt 0:00:21]} 54. Rd5 {[%emt 0:00:34]} Ra3 {[%emt 0:00:07]} 55. Kg4 {[%emt 0:00:10]} Ra4 {[%emt 0:00:02]} 56. Re5 {[%emt 0:01:07]} Kg6 {[%emt 0:00:37]} 57. Kf4 {[%emt 0:01:30]} Ra6 {[%emt 0:00:56]} 58. Rd5 {[%emt 0:00:44]} Ra3 {[%emt 0:00:39]} 59. Rd8 {[%emt 0:00:26]} Kg7 {[%emt 0:00:08]} 60. e5 {[%emt 0:01:40]} Rb3 {[%emt 0:00:23]} 61. Rd7 {[%emt 0:00:40]} Kg6 {[%emt 0:00:43]} 62. Rd6+ {[%emt 0:00:14]} Kg7 {[%emt 0:00:01]} 63. g4 {[%emt 0:01:47]} Ra3 {[%emt 0:00:09]} 64. Ke4 {[%emt 0:00:17]} Ra4+ {[%emt 0:01:17]} 65. Rd4 {[%emt 0:00:19]} Ra1 {[%emt 0:00:24]} 66. Kf5 {[%emt 0:01:05]} Ra3 {[%emt 0:00:13]} 67. Ke4 {[%emt 0:01:56]} Ra1 {[%emt 0:00:22]} 68. Rd3 {[%emt 0:00:14]} Ra4+ {[%emt 0:00:36]} 69. Kf5 {[%emt 0:00:16]} Rb4 {[%emt 0:00:49]} 70. Ra3 {[%emt 0:00:45]} Rc4 {[%emt 0:00:16]} 71. Ra7 {[%emt 0:00:37]} Rc3 {[%emt 0:01:13]} 72. Ke4 {[%emt 0:00:15]} Rc4+ {[%emt 0:01:26]} 73. Kd3 {[%emt 0:00:27]} Rc6 {[%emt 0:00:21]} 74. f4 {[%emt 0:00:27]} Rb6 {[%emt 0:03:34]} 75. f5 {[%emt 0:02:27]} Kg8 {[%emt 0:00:04]} 76. Ra4 {[%emt 0:00:16]} Kg7 {[%emt 0:01:00]} 77. Kd4 {[%emt 0:00:29]} Rb1 {[%emt 0:00:12]} 78. Kd5 {[%emt 0:00:13]} Rb5+ {[%emt 0:00:14]} 79. Kd6 {[%emt 0:00:16]} Rb6+ {[%emt 0:00:13]} 80. Kc5 {[%emt 0:00:27]} Rb1 {[%emt 0:00:23]} 81. Ra7 {[%emt 0:00:52]} Kf8 {[%emt 0:01:27]} 82. Ra4 {[%emt 0:03:12]} Kg7 {[%emt 0:00:11]} 83. Kd6 {[%emt 0:00:31]} Rb6+ {[%emt 0:00:41]} 84. Kc5 {[%emt 0:00:23]} Rb1 {[%emt 0:00:01]} 85. Rb4 {[%emt 0:00:15]} Rd1 {[%emt 0:01:06]} 86. Rd4 {[%emt 0:00:07]} Ra1 {[%emt 0:00:07]} 87. Kd6 {[%emt 0:00:11]} Ra7 {[%emt 0:01:00]} 88. Rc4 {[%emt 0:00:31]} Ra8 {[%emt 0:00:32]} 89. Rc7 {[%emt 0:00:25]} Ra6+ {[%emt 0:00:29]} 90. Ke7 {[%emt 0:01:10]} Rb6 {[%emt 0:01:05]} 91. e6 {[%emt 0:00:47]} fxe6 {[%emt 0:00:00]} 92. f6+ {[%emt 0:00:06]} Kg6 {[%emt 0:00:26]} 93. f7 {[%emt 0:00:07]} 1-0

[Event "Romanian-ch Open 2022"]
[Site "Eforie Nord"]
[Date "2022.02.24"]
[Round "6.8"]
[White "Antonica, Dragos-Andrei"]
[Black "Istratescu, Andrei"]
[Result "1/2-1/2"]
[WhiteElo "2350"]
[BlackElo "2470"]
[Annotator "RC"]
[PlyCount "42"]
[EventDate "2022.02.20"]
[EventType "swiss"]
[EventCountry "ROU"]
[SourceTitle "playchess.com"]
[Source "ChessBase"]
[SourceQuality "1"]
[TimeControl "40/5400+30:900+30"]

1. c4 {[%emt 0:00:02]} Nf6 {[%emt 0:01:00]} 2. Nc3 {[%emt 0:00:16]} e6 {[%emt 0:00:34]} 3. e4 {[%emt 0:00:15]} d5 {[%emt 0:00:58]} 4. e5 {[%emt 0:03:12]} d4 {[%emt 0:00:30]} 5. exf6 {[%emt 0:00:08]} dxc3 {[%emt 0:00:03]} 6. bxc3 {[%emt 0:00:11]} Qxf6 {[%emt 0:00:06]} 7. d4 {[%emt 0:02:00]} b6 {[%emt 0:01:41]} 8. Nf3 {[%emt 0:04:48]} Bb7 {[%emt 0:03:02]} 9. Be2 {[%emt 0:03:18]} Bd6 {[%emt 0:05:53]} 10. O-O {[%emt 0:08:12]} O-O {[%emt 0:02:06]} 11. Be3 {[%emt 0:07:46]} Nd7 {[%emt 0:10:42]} 12. Qa4 {[%emt 0:14:48]} Qe7 {[%emt 0:00:56]} 13. Bg5 {[%emt 0:06:51]} f6 {[%emt 0:01:45]} 14. Bh4 {[%emt 0:01:11]} c5 {[%emt 0:02:55]} 15. Bg3 {[%emt 0:05:55]} Rfd8 {[%emt 0:22:48]} 16. Rfe1 {[%emt 0:05:19]} Nf8 {[%emt 0:01:52]} 17. Rad1 {[%emt 0:01:04]} Bxg3 {[%emt 0:05:29]} 18. hxg3 {[%emt 0:02:15]} Rd6 {[%emt 0:01:48]} 19. dxc5 {[%emt 0:11:42]} Rxd1 {[%emt 0:00:22]} 20. Rxd1 {[%emt 0:00:18]} Qxc5 {[%emt 0:00:06]} 21. Nd4 {[%emt 0:00:29]} Qe7 {[%emt 0:03:54]} 1/2-1/2

[Event "Romanian-ch Open 2022"]
[Site "Eforie Nord"]
[Date "2022.02.24"]
[Round "6.9"]
[White "Anton, Teodor"]
[Black "Patrascu, Catalin-Lucian"]
[Result "1-0"]
[WhiteElo "2457"]
[BlackElo "2310"]
[Annotator "RC"]
[PlyCount "85"]
[EventDate "2022.02.20"]
[EventType "swiss"]
[EventCountry "ROU"]
[SourceTitle "playchess.com"]
[Source "ChessBase"]
[SourceQuality "1"]
[TimeControl "40/5400+30:900+30"]

1. d4 {[%emt 0:00:34]} Nf6 {[%emt 0:00:08]} 2. c4 {[%emt 0:00:10]} e6 {[%emt 0:00:07]} 3. Nc3 {[%emt 0:00:10]} Bb4 {[%emt 0:00:13]} 4. Qc2 {[%emt 0:00:25]} O-O {[%emt 0:00:59]} 5. a3 {[%emt 0:00:17]} Bxc3+ {[%emt 0:00:09]} 6. Qxc3 {[%emt 0:00:05]} d5 {[%emt 0:00:30]} 7. Bg5 {[%emt 0:00:22]} dxc4 {[%emt 0:00:27]} 8. Qxc4 {[%emt 0:00:42]} b6 {[%emt 0:00:22]} 9. Nf3 {[%emt 0:00:10]} Ba6 {[%emt 0:00:43]} 10. Qa4 {[%emt 0:00:07]} Qd7 {[%emt 0:18:27]} 11. Qc2 {[%emt 0:05:08]} Rc8 {[%emt 0:12:37]} 12. Bxf6 {[%emt 0:06:02]} gxf6 {[%emt 0:00:45]} 13. Qe4 {[%emt 0:07:18]} Qb5 {[%emt 0:17:07]} 14. b4 {[%emt 0:18:34]} Qc4 {[%emt 0:08:22]} 15. Nd2 {[%emt 0:00:50]} Qc3 {[%emt 0:01:03]} 16. Rd1 {[%emt 0:00:14]} Nc6 {[%emt 0:03:47]} 17. e3 {[%emt 0:05:18]} Bxf1 {[%emt 0:04:00]} 18. Kxf1 {[%emt 0:01:04]} a5 {[%emt 0:09:09]} 19. b5 {[%emt 0:14:34]} Ne7 {[%emt 0:01:40]} 20. g4 {[%emt 0:03:54]} Qxa3 {[%emt 0:05:27]} 21. Qf3 {[%emt 0:02:08]} Nd5 {[%emt 0:09:22]} 22. Ne4 {[%emt 0:00:55]} Qb3 {[%emt 0:01:14]} 23. Kg2 {[%emt 0:01:06]} Qxb5 {[%emt 0:00:35]} 24. Rb1 {[%emt 0:02:52]} Qe8 {[%emt 0:02:30]} 25. Ng3 {[%emt 0:01:01]} Qf8 {[%emt 0:02:12]} 26. e4 {[%emt 0:01:34]} Ne7 {[%emt 0:00:29]} 27. Qxf6 {[%emt 0:02:18]} Ng6 {[%emt 0:00:11]} 28. Nh5 {[%emt 0:03:10]} a4 {[%emt 0:00:19]} 29. f4 {[%emt 0:02:02]} Qh6 {[%emt 0:01:23]} 30. Rhf1 {[%emt 0:00:19]} a3 {[%emt 0:00:27]} 31. f5 {[%emt 0:00:46]} exf5 {[%emt 0:00:26]} 32. exf5 {[%emt 0:01:02]} a2 {[%emt 0:00:33]} 33. Ra1 {[%emt 0:01:09]} Rd8 {[%emt 0:00:40]} 34. fxg6 {[%emt 0:00:54]} Qxg6 {[%emt 0:00:17]} 35. Qe5 {[%emt 0:05:17]} Rd6 {[%emt 0:00:38]} 36. d5 {[%emt 0:07:13]} h6 {[%emt 0:00:34]} 37. Nf6+ {[%emt 0:00:59]} Kf8 {[%emt 0:00:15]} 38. Kh1 {[%emt 0:00:55]} Qd3 {[%emt 0:00:32]} 39. Rae1 {[%emt 0:02:34]} Qb5 {[%emt 0:00:28]} 40. Qe7+ {[%emt 0:00:00]} Kg7 {[%emt 0:00:00]} 41. Nh5+ {[%emt 0:02:07]} Kh8 {[%emt 0:00:30]} 42. Qe5+ {[%emt 0:00:06]} f6 {[%emt 0:00:08]} 43. Nxf6 {[%emt 0:00:13]} 1-0